000 00514nam a22001457a 4500
003 MACL
005 20181221162512.0
008 181221b xxu||||| |||| 00| 0 eng d
040 _cMACL
100 _aकोरिली , मेरी और संतोष रंजन
_973470
245 _aस्‍वर्ग से आया गुलाब (दि सोल ऑप लिलिथ )
260 _aदिल्‍ली
_bयश
_c2014
650 _a उपन्‍यास
_973471
942 _2ddc
_cHIN
999 _c58767
_d58767